000 00763nam a2200241Ia 4500
003 OSt
005 20220923224150.0
006 a|||||r|||| 00| 0
007 ta
008 Pun
024 _a226,892
037 _cTextual
040 _aARTS
_cARTS
_bPun
041 _2Pun
_aPun
082 _aO153,3:g, P4
100 _aਹਰਮਿੰਦਰ ਕੈਰ
245 0 _aਪ੍ਰਗਤੀਵਾਦੀ ਪੰਜਾਬੀ ਕਹਾਣੀ
_b ਪੁਨਰ-ਮੁਲਾਂਕਣ
260 _aਅੰਮ੍ਰਿਤਸਰ
_b ਰਵੀ ਸਾਹਿਤ ਪ੍ਰਕਾFਨ
_c2004
300 _a104ਪੰ
_ccm.
650 _aਪੰਜਾਬੀ ਸਾਹਿਤ
942 _hO153,3:g, P4
_cTEXL
_2CC
999 _c369655
_d369655